[Event "ICS rated blitz match"]
[Site "204.178.125.65"]
[Date "1999.12.12"]
[Round "?"]
[White "Hossa"]
[Black "joejan"]
[Result "1-0"]
[WhiteElo "2419"]
[BlackElo "2204"]
[PlyCount "51"]

1. d4 d5 2. c4 e6 3. Nc3 Nf6 4. Bg5 Be7 5. Nf3 h6 6. Bxf6 Bxf6 7. e4 dxe4 8.
Nxe4 O-O 9. Nxf6+ Qxf6 10. Qd3 c5 11. O-O-O cxd4 12. Qxd4 Nd7 13. Be2 b6 14.
Qe4 Rb8 15. Bd3 g6 16. Qe3 Kg7 17. Rd2 Nc5 18. Ne5 Bb7 19. f3 Rbd8 20. Rhd1
Nxd3+ 21. Rxd3 Rxd3 22. Rxd3 Rd8 23. Rxd8 Qxd8 24. Qxh6+ Kg8 25. Qh8+ Kxh8 26.
Nxf7+ 1-0

[Event "ICS rated blitz match"]
[Site "204.178.125.65"]
[Date "1999.12.12"]
[Round "?"]
[White "PostModernist"]
[Black "Hossa"]
[Result "1-0"]
[WhiteElo "2603"]
[BlackElo "2426"]
[PlyCount "125"]

1. e4 c6 2. d4 d5 3. Nc3 dxe4 4. Nxe4 Nf6 5. Nxf6+ exf6 6. Nf3 Bd6 7. Bd3 O-O
8. O-O Bg4 9. h3 Bh5 10. c3 Re8 11. Be3 Nd7 12. Re1 Qb6 13. Qc2 Nf8 14. Nd2 Qc7
15. Nc4 Bg6 16. Nxd6 Qxd6 17. Re2 Re7 18. Rae1 Rae8 19. a4 Bxd3 20. Qxd3 Ne6
21. b4 Qd5 22. a5 Qb3 23. Bf4 Qd5 24. Qg3 Qd8 25. Re4 Nxf4 26. Rxe7 Rxe7 27.
Rxe7 Qxe7 28. Qxf4 Qd8 29. g4 a6 30. f3 g5 31. Qe4 Qd6 32. f4 Kg7 33. Kg2 Qd5
34. Qxd5 cxd5 35. Kg3 Kh6 36. h4 gxf4+ 37. Kxf4 Kg6 38. Ke3 Kg7 39. Kd3 Kg6 40.
c4 dxc4+ 41. Kxc4 f5 42. gxf5+ Kxf5 43. d5 Ke5 44. Kc5 f5 45. b5 f4 46. bxa6
bxa6 47. d6 Ke6 48. Kc6 f3 49. d7 Ke7 50. Kc7 Ke6 51. d8=Q h5 52. Qe8+ Kf6 53.
Qxh5 f2 54. Qh6+ Ke5 55. Qxa6 Kd4 56. Qa7+ Kd3 57. Qxf2 Ke4 58. a6 Kd5 59. a7
Ke6 60. a8=Q Ke5 61. Qh8+ Kd5 62. Qhd4+ Ke6 63. Qd6# 1-0

[Event "ICS rated blitz match"]
[Site "204.178.125.65"]
[Date "1999.12.12"]
[Round "?"]
[White "Hossa"]
[Black "PostModernist"]
[Result "1/2-1/2"]
[WhiteElo "2418"]
[BlackElo "2611"]
[PlyCount "325"]

1. e4 g6 2. d4 d6 3. c4 Nf6 4. Nc3 a6 5. Nf3 Bg7 6. Be2 O-O 7. Bg5 c6 8. O-O
Nfd7 9. Qd2 Nf6 10. Bh6 Bg4 11. Bxg7 Kxg7 12. Rad1 Bxf3 13. Bxf3 Nbd7 14. Rfe1
Qa5 15. Qe3 e5 16. Re2 exd4 17. Rxd4 Ne5 18. b3 Nxf3+ 19. Qxf3 Qe5 20. Red2
Rad8 21. Qg3 Qxg3 22. hxg3 Rfe8 23. c5 d5 24. f3 Rc8 25. exd5 cxd5 26. b4 b6
27. Nxd5 bxc5 28. Nxf6 Kxf6 29. Rf4+ Kg7 30. Rd7 Rf8 31. bxc5 Rxc5 32. Ra7 Ra5
33. a4 g5 34. Rd4 h5 35. f4 g4 36. Kh2 Re8 37. Rc4 Re6 38. Rcc7 Rf5 39. Rcb7
Rc6 40. Rd7 Rb6 41. Re7 Rd6 42. Rad7 Rxd7 43. Rxd7 Ra5 44. Rd4 Kf6 45. Kg1 Ke6
46. Rb4 Kd5 47. Kf2 Kc5 48. Rb7 Rxa4 49. Rxf7 Ra2+ 50. Kg1 Rd2 51. Ra7 Kb5 52.
Rb7+ Kc6 53. Ra7 Kb6 54. Ra8 Rd5 55. Kf2 Rc5 56. Ke3 Rc2 57. Rb8+ Ka7 58. Rh8
Rxg2 59. Rxh5 Rxg3+ 60. Ke4 Kb6 61. Rg5 a5 62. f5 Rg1 63. f6 Rf1 64. f7 Rxf7
65. Rxg4 a4 66. Rg6+ Kb5 67. Kd4 a3 68. Kc3 Rf3+ 69. Kc2 Rh3 70. Rg5+ Kc4 71.
Rg4+ Kd5 72. Rg5+ Kd4 73. Rg4+ Kc5 74. Rg5+ Kb4 75. Rg4+ Ka5 76. Rg5+ Kb6 77.
Rg6+ Kb7 78. Rg7+ Kc6 79. Kb1 Rd3 80. Rg6+ Kb5 81. Rg5+ Kb4 82. Rg4+ Kb3 83.
Rg1 Re3 84. Ka1 Rf3 85. Rb1+ Ka4 86. Rc1 Kb4 87. Rd1 Rf2 88. Rb1+ Kc4 89. Rc1+
Kb3 90. Rb1+ Rb2 91. Rc1 Ra2+ 92. Kb1 Rg2 93. Ka1 Kb4 94. Rb1+ Kc4 95. Rc1+ Kb3
96. Rd1 Ra2+ 97. Kb1 Re2 98. Rd3+ Kb4 99. Rd4+ Kc3 100. Rf4 Rb2+ 101. Ka1 Rg2
102. Rf3+ Kb4 103. Rf4+ Kb3 104. Rf3+ Ka4 105. Rf4+ Kb5 106. Rf5+ Kc4 107. Rf4+
Kd5 108. Rf5+ Kd4 109. Rf4+ Ke5 110. Rh4 Rb2 111. Rh3 Kd4 112. Rxa3 Rb8 113.
Rf3 Ke4 114. Rg3 Rb7 115. Rh3 Rb5 116. Rh2 Rb6 117. Rh1 Ke3 118. Rg1 Rb5 119.
Rh1 Kd4 120. Rg1 Rb8 121. Rh1 Kc3 122. Rg1 Rd8 123. Rh1 Rd2 124. Rg1 Kd4 125.
Rh1 Rc2 126. Rf1 Kc3 127. Rg1 Re2 128. Rf1 Kd4 129. Rh1 Rf2 130. Rd1+ Kc3 131.
Re1 Kd2 132. Rg1 Kd3 133. Rh1 Rg2 134. Rf1 Ke4 135. Re1+ Kd5 136. Rf1 Rd2 137.
Rg1 Rh2 138. Rf1 Ke4 139. Rg1 Re2 140. Rf1 Ke5 141. Rd1 Ke4 142. Rf1 Kd5 143.
Rg1 Rc2 144. Rh1 Rf2 145. Rc1 Ke5 146. Rb1 Rc2 147. Re1+ Kd6 148. Rf1 Re2 149.
Rh1 Rd2 150. Rg1 Kd5 151. Rh1 Rc2 152. Re1 Kc4 153. Rf1 Kd3 154. Rh1 Rd2 155.
Rg1 Re2 156. Rf1 Ke3 157. Rd1 Rh2 158. Re1+ Kd4 159. Rd1+ Kc4 160. Re1 Kc3 161.
Rf1 Rg2 162. Rh1 Kd4 163. Rd1+ 1/2-1/2

[Event "ICS rated blitz match"]
[Site "204.178.125.65"]
[Date "1999.12.12"]
[Round "?"]
[White "PostModernist"]
[Black "Hossa"]
[Result "0-1"]
[WhiteElo "2603"]
[BlackElo "2426"]
[PlyCount "110"]

1. e4 c5 2. Nf3 d6 3. d4 Nf6 4. Nc3 cxd4 5. Nxd4 Nc6 6. Bg5 Bd7 7. Qd2 a6 8.
O-O-O Nxd4 9. Qxd4 Qa5 10. f4 Bg4 11. Rd2 e5 12. fxe5 dxe5 13. Qc4 Rc8 14. Qd3
Bb4 15. Kb1 Be6 16. Bxf6 gxf6 17. a3 Rxc3 18. bxc3 Bxc3 19. Qd6 Bxd2 20. Bd3
Qd8 21. Qxd8+ Kxd8 22. Rd1 Be3 23. Bxa6+ Ke7 24. Bb5 Rd8 25. Rxd8 Kxd8 26. Bd3
h5 27. c4 h4 28. Kc2 Bf4 29. h3 Bd7 30. Be2 f5 31. Bf3 fxe4 32. Bxe4 Kc7 33.
Bd5 f5 34. Kc3 e4 35. c5 Bb5 36. Bc4 Bxc4 37. Kxc4 Be3 38. c6 Kxc6 39. a4 Bf2
40. Kc3 Kc5 41. Kc2 Kb4 42. a5 Kxa5 43. Kd1 e3 44. Ke2 b5 45. Kd3 b4 46. Ke2 b3
47. Kd3 Kb4 48. Kd4 e2+ 49. Ke5 e1=Q+ 50. Kf6 b2 51. Kf7 b1=Q 52. g3 Qa2+ 53.
Kg7 Qe5+ 54. Kh6 Qf6+ 55. Kh5 Qaf7# 0-1

[Event "ICS rated blitz match"]
[Site "204.178.125.65"]
[Date "1999.12.12"]
[Round "?"]
[White "Hossa"]
[Black "PostModernist"]
[Result "1-0"]
[WhiteElo "2450"]
[BlackElo "2579"]
[PlyCount "215"]

1. e4 c5 2. c3 d5 3. exd5 Qxd5 4. d4 e6 5. Nf3 Nf6 6. Be2 Nc6 7. O-O cxd4 8.
cxd4 Be7 9. Nc3 Qd8 10. Be3 O-O 11. Rc1 Qa5 12. Re1 Bd7 13. Qb3 Rac8 14. Bd3
Qh5 15. a3 Rfd8 16. Be2 Ng4 17. Qxb7 Bd6 18. h3 Nxe3 19. fxe3 Bg3 20. Rf1 Qh6
21. e4 Bf4 22. Rcd1 Rb8 23. Qa6 Rxb2 24. Na4 Bc8 25. Qxc6 Rxe2 26. Nc3 Rc2 27.
Rd3 Bd7 28. Qb7 Be3+ 29. Kh1 Qg6 30. Ne1 Rf2 31. Rxf2 Bxf2 32. Nf3 Be8 33. Qxa7
Rd7 34. Qb8 f6 35. a4 Bg3 36. Qa8 Bf2 37. Qc8 h6 38. Nb5 Kf7 39. Nc7 Re7 40.
Nxe8 Rxe8 41. Qb7+ Kg8 42. Qd7 Kh7 43. Rd1 Ra8 44. Qc6 Re8 45. Rf1 Be3 46. a5
Re7 47. a6 Qf7 48. Qc3 Bf4 49. Ng1 Bb8 50. Qb3 Ba7 51. Nf3 Qg6 52. Qc2 e5 53.
Nh4 Qg5 54. Nf5 Re6 55. Qa2 Rb6 56. Ne7 Rb8 57. Nc6 Ra8 58. dxe5 Be3 59. Qf7
Rxa6 60. Ne7 Ra8 61. exf6 Bd4 62. fxg7 Bxg7 63. Nf5 Rf8 64. Qb7 Qg6 65. Qc7 Rf7
66. Qc8 Rf8 67. Qd7 Rf7 68. Qd3 h5 69. Qd1 Ra7 70. Qd5 Rf7 71. Rf2 Qf6 72. e5
Qg6 73. e6 Ra7 74. Rf1 Bf6 75. Kg1 Be7 76. Nd4 Bg5 77. Nc6 Be3+ 78. Kh1 Rg7 79.
Rf5 Bh6 80. e7 Rg8 81. Qe4 Bg7 82. Rxh5+ Bh6 83. Rf5 Kg7 84. Ne5 Qe6 85. Rf7+
Qxf7 86. Nxf7 Kxf7 87. Qh7+ Bg7 88. Qxg8+ Kxg8 89. e8=Q+ Kh7 90. Qf7 Kh8 91.
Qxg7+ Kxg7 92. g4 Kg6 93. h4 Kf7 94. h5 Kf6 95. Kh2 Kg5 96. Kg3 Kf6 97. Kf4 Kg7
98. g5 Kf7 99. Kf5 Kg7 100. h6+ Kh7 101. Kf6 Kg8 102. g6 Kf8 103. g7+ Ke8 104.
g8=Q+ Kd7 105. Qc4 Kd6 106. h7 Kd7 107. h8=Q Kd6 108. Qd8# 1-0

[Event "ICS rated blitz match"]
[Site "204.178.125.65"]
[Date "1999.12.12"]
[Round "?"]
[White "schtroumpf"]
[Black "Hossa"]
[Result "0-1"]
[WhiteElo "2200"]
[BlackElo "2472"]
[PlyCount "134"]

1. d4 Nf6 2. g3 d5 3. Bg2 e6 4. c4 Nc6 5. Nf3 dxc4 6. O-O Qd7 7. Nc3 Bd6 8. e4
e5 9. d5 Na5 10. Bg5 h6 11. Bxf6 gxf6 12. Nh4 b6 13. Nf5 Bf8 14. Bh3 Qd8 15.
Qh5 Bd7 16. Rfd1 b5 17. d6 c6 18. Rac1 b4 19. Na4 Nb7 20. Rxc4 a5 21. Nc5 Nxc5
22. Rxc5 Ra7 23. Bf1 Qb6 24. Rdc1 b3 25. axb3 Rb7 26. R1c3 Ra7 27. Qh4 Qd8 28.
Rxc6 Bxc6 29. Rxc6 Rd7 30. Bb5 Rg8 31. Rc7 Rg6 32. Rxd7 Qxd7 33. Bxd7+ Kxd7 34.
Qh3 Bxd6 35. Nxh6+ Ke7 36. Nf5+ Kd7 37. Nd4+ Kd8 38. Nc6+ Kc7 39. Nxa5 Rg8 40.
Nc4 Ra8 41. Qf5 Be7 42. Qf3 Ra2 43. Qc3 Ra1+ 44. Kg2 Kb7 45. Na5+ Ka6 46. b4
Bxb4 47. Qxb4 Rxa5 48. Qd6+ Kb5 49. Qxf6 Kb4 50. Qxf7 Rc5 51. Qe7 Kb5 52. Qxe5
Rxe5 53. Kf3 Rc5 54. Kf4 Rc2 55. Ke3 Rxb2 56. h4 Kc4 57. h5 Rb3+ 58. Kf4 Kd3
59. f3 Ke2 60. Kg5 Kxf3 61. g4 Rb5+ 62. Kg6 Kxg4 63. h6 Rb6+ 64. Kg7 Kg5 65. h7
Rb7+ 66. Kg8 Kg6 67. h8=Q Rb8# 0-1

[Event "ICS rated blitz match"]
[Site "204.178.125.65"]
[Date "1999.12.12"]
[Round "?"]
[White "Hossa"]
[Black "Gregorio"]
[Result "0-1"]
[WhiteElo "2501"]
[BlackElo "2870"]
[PlyCount "142"]

1. e4 e5 2. Nf3 Nc6 3. Bb5 a6 4. Ba4 Nf6 5. O-O Be7 6. Re1 b5 7. Bb3 d6 8. c3
O-O 9. h3 Na5 10. Bc2 c5 11. d3 Be6 12. Be3 Rc8 13. Nbd2 Qc7 14. Ng5 Bd7 15. f4
Rfe8 16. fxe5 dxe5 17. Rf1 h6 18. Ngf3 c4 19. d4 exd4 20. Nxd4 Nc6 21. a4 Nxd4
22. Bxd4 Bc5 23. axb5 axb5 24. Qf3 Be6 25. Qf2 Be7 26. Ra7 Qc6 27. Qg3 Nh5 28.
Qf3 Nf6 29. Rfa1 Bc5 30. R1a6 Bxa7 31. Rxc6 Bxd4+ 32. cxd4 Rxc6 33. d5 Rd8 34.
Nf1 Nxd5 35. exd5 Bxd5 36. Qf5 Rg6 37. g4 Bc6 38. Qe5 Re8 39. Qc7 Rf6 40. Bf5
g6 41. Ng3 gxf5 42. Nxf5 Kh7 43. Ne7 Be4 44. Qd7 Ra8 45. Nf5 Ra1+ 46. Kh2 Bxf5
47. Qd4 Raa6 48. gxf5 Rxf5 49. Qe4 Raf6 50. h4 Kg7 51. Qg2+ Rg6 52. Qe4 Rf2+
53. Kh3 Rgf6 54. Qg4+ Kh7 55. Qe4+ R6f5 56. h5 b4 57. Kg4 R2f4+ 58. Qxf4 Rxf4+
59. Kxf4 c3 60. bxc3 b3 61. Kf5 Kg8 62. c4 b2 63. Ke5 b1=Q 64. c5 f5 65. Ke6 f4
66. Ke5 f3 67. Kd6 f2 68. Ke5 f1=Q 69. Kd5 Qbf5+ 70. Kd6 Qb5 71. c6 Qbe5# 0-1

[Event "ICS rated blitz match"]
[Site "204.178.125.65"]
[Date "1999.12.12"]
[Round "?"]
[White "PostModernist"]
[Black "Hossa"]
[Result "1/2-1/2"]
[WhiteElo "2569"]
[BlackElo "2498"]
[PlyCount "107"]

1. e4 e5 2. Nf3 Nc6 3. Bb5 a6 4. Bxc6 dxc6 5. O-O f6 6. d4 exd4 7. Nxd4 c5 8.
Nb3 Qxd1 9. Rxd1 Bg4 10. f3 Be6 11. Be3 b6 12. a4 Bd6 13. a5 Be5 14. Ra2 c4 15.
Nc1 b5 16. f4 Bd6 17. f5 Bf7 18. Nd2 Rd8 19. Ra1 Bh5 20. Re1 Ne7 21. Ne2 O-O
22. Nd4 Rfe8 23. N2f3 Rd7 24. Bf2 Bc5 25. Ne6 Bxf2+ 26. Kxf2 Bxf3 27. Kxf3 Nc6
28. Kg3 Nb4 29. Rad1 Ree7 30. Rxd7 Rxd7 31. c3 Nd3 32. Rd1 g6 33. Kh4 g5+ 34.
Kg3 c5 35. h4 h6 36. hxg5 hxg5 37. Rd2 b4 38. Rd1 b3 39. Rd2 Kf7 40. Re2 Re7
41. Kf3 Ke8 42. Rd2 Rd7 43. Ke3 Kf7 44. g3 Kg8 45. Rh2 Rb7 46. Kf3 Rf7 47. g4
Rd7 48. Kg3 Rf7 49. Rh6 Nxb2 50. Rg6+ Kh8 51. Rh6+ Kg8 52. Rg6+ Kh8 53. Rh6+
Kg8 54. Rg6+ 1/2-1/2

[Event "ICS rated blitz match"]
[Site "204.178.125.65"]
[Date "1999.12.12"]
[Round "?"]
[White "Hossa"]
[Black "PostModernist"]
[Result "1/2-1/2"]
[WhiteElo "2501"]
[BlackElo "2566"]
[PlyCount "232"]

1. e4 c5 2. c3 d5 3. exd5 Qxd5 4. d4 Nf6 5. Nf3 e6 6. Na3 Qd8 7. Bf4 Nc6 8. Nc2
Be7 9. dxc5 O-O 10. Bd3 Bxc5 11. O-O Nd5 12. Bg3 Bd7 13. Qd2 Qe7 14. Rad1 Rfd8
15. b4 Bb6 16. c4 Ndxb4 17. Bd6 Qxd6 18. Bxh7+ Kxh7 19. Qxd6 e5 20. Nxb4 Bg4
21. Nxc6 Rxd6 22. Ng5+ Kg8 23. Rxd6 bxc6 24. Rxc6 Rd8 25. Ne4 Rd4 26. c5 Bd7
27. Rd6 Bxc5 28. Rxd7 Rxe4 29. Rc7 Rc4 30. Kh1 g6 31. Rc8+ Kg7 32. Rd1 Rd4 33.
Rxd4 Bxd4 34. Kg1 g5 35. a4 f5 36. a5 Kf6 37. a6 e4 38. Rf8+ Ke5 39. Rg8 g4 40.
Kf1 Bc5 41. Ke1 Ke6 42. Ke2 Kf6 43. Rc8 Bd4 44. Rf8+ Ke5 45. Rg8 Kd6 46. Rd8+
Ke5 47. g3 Bb6 48. Re8+ Kd5 49. Rc8 Ke5 50. Ra8 Bc5 51. Re8+ Kf6 52. Kf1 Kg5
53. Rc8 Bd4 54. Rc6 Bf6 55. Ke2 Bd4 56. Rc4 Bb6 57. Rc8 Bd4 58. Rc6 Bf6 59. Kf1
Be5 60. Rb6 Bd4 61. Rd6 Bc5 62. Rc6 Bd4 63. Kg2 Bb2 64. Rc4 Kf6 65. h4 gxh3+
66. Kxh3 Ke5 67. Rc5+ Ke6 68. Rc6+ Ke5 69. Rc8 Bd4 70. Kg2 Ke6 71. Rf8 Bb6 72.
Rb8 Bc5 73. Rg8 Be7 74. Re8 Kd7 75. Rh8 Ke6 76. Rh7 Kf6 77. Rh6+ Ke5 78. Rh5
Kf6 79. Rh7 Ke6 80. Rh1 Bf6 81. Rb1 Be7 82. Rb6+ Bd6 83. Rb7 Bc5 84. Rb8 Kd5
85. Rc8 Bd6 86. Rd8 Ke6 87. Re8+ Kd5 88. Rh8 Be7 89. Kf1 Ke6 90. Ke2 Ke5 91.
Rh6 Kd5 92. Rh7 Ke6 93. Rh5 Bd6 94. Rh6+ Ke5 95. Rh7 Bc5 96. Rh5 Bd4 97. Rh8
Kf6 98. Rf8+ Ke6 99. Rd8 Bb6 100. Re8+ Kd5 101. Rf8 Ke6 102. Rb8 Bc5 103. Re8+
Kf6 104. Kf1 Bd6 105. Kg2 Be7 106. Rc8 Bd6 107. Ra8 Bc5 108. Rd8 Ke5 109. Rc8
Kd4 110. Rh8 Bb6 111. Rf8 Ke5 112. Rb8 Bc5 113. Kf1 Kf6 114. Rd8 Kg6 115. Re8
Kf7 116. Re5 Be7 1/2-1/2

[Event "ICS rated blitz match"]
[Site "204.178.125.65"]
[Date "1999.12.12"]
[Round "?"]
[White "PostModernist"]
[Black "Hossa"]
[Result "1-0"]
[WhiteElo "2563"]
[BlackElo "2504"]
[PlyCount "139"]

1. e4 e5 2. Nf3 Nc6 3. Bb5 a6 4. Ba4 Nf6 5. O-O Be7 6. Re1 b5 7. Bb3 d6 8. c3
O-O 9. h3 Na5 10. Bc2 c5 11. d4 Qc7 12. Nbd2 cxd4 13. cxd4 Nc6 14. a3 Bd7 15.
Nb3 a5 16. Be3 a4 17. Nbd2 Rfe8 18. Bd3 Qb7 19. d5 Na5 20. Rc1 Rac8 21. Qe2 Nc4
22. Nxc4 bxc4 23. Bxc4 Nxe4 24. Ba6 Qxd5 25. Bxc8 Rxc8 26. Rxc8+ Bxc8 27. Rc1
Be6 28. Rc7 Bd8 29. Ra7 Bf6 30. Rxa4 Be7 31. Ra7 Bd8 32. Qa6 Kf8 33. Ra8 Ke7
34. Qa7+ Bd7 35. Qb8 Bc7 36. Qf8+ Kf6 37. Qh8 Qd1+ 38. Kh2 Qc2 39. Qxh7 d5 40.
Ra6+ Bc6 41. Bh6 Qc5 42. Bxg7+ Ke7 43. Qg8 Bd6 44. Qf8+ Kd7 45. Qxf7+ Kc8 46.
Nxe5 Qb5 47. Ra7 Kb8 48. Re7 Bxe7 49. Qxe7 Bb7 50. Nd7+ Kc8 51. Qe8+ Kc7 52.
Be5+ Nd6 53. Nf6 Qc6 54. Qe7+ Kb6 55. Nd7+ Kb5 56. Bxd6 Bc8 57. Qe2+ Qc4 58.
a4+ Kc6 59. Ne5+ Kxd6 60. Nxc4+ dxc4 61. Qxc4 Be6 62. Qd4+ Ke7 63. Qe5 Kf7 64.
a5 Bd7 65. a6 Bxh3 66. Kxh3 Kg6 67. a7 Kh7 68. a8=Q Kh6 69. Qah8+ Kg6 70. Qhh5#
1-0

[Event "ICS rated blitz match"]
[Site "204.178.125.65"]
[Date "1999.12.12"]
[Round "?"]
[White "Hossa"]
[Black "JohnnyReb"]
[Result "1/2-1/2"]
[WhiteElo "2491"]
[BlackElo "2557"]
[PlyCount "83"]

1. e4 d5 2. d4 dxe4 3. Nc3 Nf6 4. f3 Bf5 5. g4 Bg6 6. g5 Nd5 7. Nxe4 e6 8. Ne2
Nc6 9. h4 Bd6 10. h5 Bf5 11. Bg2 O-O 12. h6 g6 13. Nxd6 Qxd6 14. a3 Na5 15. b3
Rfd8 16. c4 Ne7 17. Bd2 Qb6 18. Bxa5 Qxa5+ 19. b4 Qb6 20. Qd2 a5 21. b5 c6 22.
Qe3 Qc7 23. bxc6 Nxc6 24. O-O Rac8 25. Rad1 a4 26. Rfe1 b6 27. c5 Re8 28. Nc3
Ne7 29. Nxa4 Nd5 30. Qe2 Nf4 31. Qb2 Nd3 32. Rxd3 Bxd3 33. Nxb6 Rb8 34. Qd2 Bf5
35. Nc4 Qg3 36. Nd6 Rb2 37. Qxb2 Qxe1+ 38. Kh2 Qh4+ 39. Kg1 Qe1+ 40. Kh2 Qh4+
41. Kg1 Qe1+ 42. Kh2 1/2-1/2

[Event "ICS rated blitz match"]
[Site "204.178.125.65"]
[Date "1999.12.12"]
[Round "?"]
[White "PostModernist"]
[Black "Hossa"]
[Result "1/2-1/2"]
[WhiteElo "2576"]
[BlackElo "2494"]
[PlyCount "140"]

1. c4 e5 2. Nc3 Nf6 3. g3 d5 4. cxd5 Nxd5 5. Bg2 Nxc3 6. bxc3 Nc6 7. Nf3 e4 8.
Ng1 Qd5 9. Qb3 Qe5 10. Qb1 f5 11. f3 exf3 12. Nxf3 Qc5 13. Qb3 Na5 14. Qc2 Be7
15. d4 Qd6 16. Qa4+ Nc6 17. Ne5 O-O 18. Nxc6 bxc6 19. Bf4 Qe6 20. Qxc6 Qxc6 21.
Bxc6 Rb8 22. Bd5+ Kh8 23. Bxc7 Rb2 24. Be5 Re8 25. Bc6 Rf8 26. Bf3 Rc2 27. d5
Re8 28. Kd1 Rb2 29. c4 Rb4 30. Rc1 Bc5 31. Bc7 Be3 32. Rc3 Bd7 33. Kc2 Ba4+ 34.
Kd3 Rb2 35. Rcc1 Bxc1 36. Rxc1 Rxa2 37. g4 fxg4 38. Bxg4 Ra3+ 39. Rc3 Rb3 40.
Rxb3 Bxb3 41. e4 Bxc4+ 42. Kxc4 Rxe4+ 43. Kc3 Rxg4 44. d6 Rg5 45. d7 Rd5 46.
d8=R+ Rxd8 47. Bxd8 Kg8 48. Bg5 h5 49. Be3 a6 50. Kb4 h4 51. h3 Kf7 52. Bg5 Kg6
53. Bxh4 Kf5 54. Bg3 g5 55. Bc7 Ke4 56. Bd8 a5+ 57. Kxa5 Kf4 58. Bc7+ Kf3 59.
Kb6 Kg2 60. h4 gxh4 61. Bd6 Kh1 62. Kc6 Kg2 63. Bf8 Kh1 64. Kd5 Kg2 65. Kc4 Kh1
66. Kc5 Kg2 67. Bd6 Kh1 68. Bf8 Kg2 69. Bd6 Kh1 70. Bf8 Kg2 1/2-1/2

[Event "ICS unrated blitz match"]
[Site "204.178.125.65"]
[Date "1999.12.12"]
[Round "?"]
[White "Yobes"]
[Black "Hossa"]
[Result "1-0"]
[WhiteElo "1883"]
[BlackElo "2498"]
[PlyCount "128"]

1. e4 e5 2. Nf3 Nc6 3. Nc3 Nf6 4. Nxe5 Nxe5 5. d4 Ng6 6. e5 Ng8 7. Bc4 Bb4 8.
Qf3 Qe7 9. O-O Bxc3 10. bxc3 a6 11. Bd5 c6 12. Bb3 b5 13. a4 b4 14. cxb4 Bb7
15. c3 Rb8 16. Qg3 Rc8 17. Bg5 Qf8 18. f4 N6e7 19. Rae1 Nf5 20. Qh3 Nge7 21.
Bc2 g6 22. Bf6 Ng7 23. c4 Rb8 24. Rb1 Ng8 25. b5 cxb5 26. cxb5 Rc8 27. Bd3 a5
28. Bxg7 Qxg7 29. Rfc1 Ne7 30. Rxc8+ Nxc8 31. Rc1 Nb6 32. Rc7 Ba8 33. Ra7 Qf8
34. Qe3 Bd5 35. Ra6 Nc8 36. Qd2 Qa3 37. Rxa5 Qa1+ 38. Bf1 Bc4 39. Qf2 O-O 40.
d5 Nb6 41. h3 Nxa4 42. f5 Rb8 43. Qf4 Bxb5 44. f6 Qxf1+ 45. Qxf1 Bxf1 46. Rxa4
Bb5 47. Ra7 h5 48. Kf2 Rc8 49. Ke3 g5 50. Ke4 Rc3 51. Ra8+ Kh7 52. Rf8 Rc2 53.
Rxf7+ Kh6 54. Re7 Rc4+ 55. Ke3 Ra4 56. e6 Ra3+ 57. Kd4 dxe6 58. dxe6 Ra8 59.
Ke5 Ra5 60. Kd6 Ra6+ 61. Kc5 Ra1 62. f7 Rf1 63. Kxb5 Kg6 64. Re8 Rf5+ 1-0

[Event "ICS rated blitz match"]
[Site "204.178.125.65"]
[Date "1999.12.12"]
[Round "?"]
[White "Hossa"]
[Black "PackMaster"]
[Result "1-0"]
[WhiteElo "2498"]
[BlackElo "2660"]
[PlyCount "85"]

1. e4 e5 2. Nf3 Nf6 3. Nxe5 d6 4. Nf3 Nxe4 5. d4 d5 6. Bd3 Be7 7. O-O Nc6 8. c4
Nb4 9. Be2 Be6 10. cxd5 Bxd5 11. Nc3 O-O 12. a3 Nc6 13. Re1 Re8 14. Nxd5 Qxd5
15. Bd3 Bf6 16. Qc2 Nd6 17. Bxh7+ Kh8 18. Be3 g6 19. Bxg6 fxg6 20. Qxg6 Bg7 21.
Bh6 Bxd4 22. Nxd4 Rg8 23. Qf6+ Kh7 24. Nf3 Rg6 25. Qf4 Rxh6 26. Ng5+ Kh8 27.
Rad1 Qa5 28. Re6 Rxe6 29. Qh4+ Kg7 30. Qh7+ Kf6 31. Qh6+ Kf5 32. Nxe6 Rg8 33.
Ng7+ Rxg7 34. Qxg7 Qa4 35. Qd7+ Kf6 36. Re1 Kg5 37. Qg7+ Kh5 38. h3 Qf4 39. g4+
Kh4 40. Qg6 Qg3+ 41. fxg3+ Kxh3 42. Kf2 Ne4+ 43. Qxe4 1-0

[Event "ICS rated blitz match"]
[Site "204.178.125.65"]
[Date "1999.12.12"]
[Round "?"]
[White "Hossa"]
[Black "PostModernist"]
[Result "0-1"]
[WhiteElo "2521"]
[BlackElo "2572"]
[PlyCount "170"]

1. e4 c5 2. c3 Nf6 3. e5 Nd5 4. d4 cxd4 5. cxd4 e6 6. Nf3 d6 7. Bc4 Nc6 8. O-O
Nb6 9. Bb5 dxe5 10. Nxe5 Bd7 11. Bxc6 Bxc6 12. Qh5 g6 13. Nxc6 gxh5 14. Nxd8
Rxd8 15. Be3 Bg7 16. Rd1 e5 17. Re1 Nc4 18. Nc3 Nxb2 19. Rab1 Nd3 20. Re2 O-O
21. d5 b6 22. Bg5 f6 23. Bh4 Nf4 24. Rd2 Ng6 25. g3 Rd7 26. Rb4 Rc8 27. Nd1 Bf8
28. Rb1 Nxh4 29. gxh4 Rc4 30. Ne3 Rxh4 31. Kh1 Bc5 32. Rg1+ Kf8 33. Nf5 Rf4 34.
Ne3 Rd4 35. Rgd1 a6 36. Nf5 Rg4 37. Rg1 Rf4 38. Ne3 Rd4 39. Rgd1 b5 40. Nf5 Rf4
41. Ne3 Rf3 42. Re2 e4 43. Kg2 Rg7+ 44. Kh1 Ke7 45. Rdd2 Kd6 46. Ng2 f5 47. Rc2
Rg5 48. Rcd2 h6 49. Rc2 Kxd5 50. Red2+ Kc6 51. Ne1 Rf4 52. Re2 Kb6 53. h3 e3
54. Nd3 Rf3 55. fxe3 Rxh3+ 56. Rh2 Rxe3 57. Rxc5 Rxd3 58. Rc1 Rdg3 59. Rd1 f4
60. Rf1 Ka5 61. Rh4 f3 62. a3 R3g4 63. Rh3 Ka4 64. Rh2 b4 65. axb4 Kxb4 66.
Rb1+ Kc4 67. Rd1 Rg3 68. Re1 a5 69. Rd1 a4 70. Rb1 a3 71. Rh4+ Kd5 72. Rd1+ Kc6
73. Kh2 Rg2+ 74. Kh1 f2 75. Rhd4 Rg1+ 76. Kh2 R5g2+ 77. Kh3 Rxd1 78. Rxd1 Rg1
79. Rf1 Rxf1 80. Kg2 a2 81. Kf3 a1=Q 82. Ke3 Re1+ 83. Kxf2 Qc3 84. Kg2 Re2+ 85.
Kf1 Qe1# 0-1

[Event "ICS rated blitz match"]
[Site "204.178.125.65"]
[Date "1999.12.12"]
[Round "?"]
[White "PostModernist"]
[Black "Hossa"]
[Result "1-0"]
[WhiteElo "2586"]
[BlackElo "2507"]
[PlyCount "161"]

1. d4 Nf6 2. c4 g6 3. Nc3 Bg7 4. e4 d6 5. f3 O-O 6. Be3 Nbd7 7. Nge2 e5 8. Qd2
Nb6 9. b3 a5 10. O-O-O exd4 11. Bxd4 a4 12. Bxb6 cxb6 13. Nxa4 Ne8 14. Nd4 f5
15. Nb5 fxe4 16. fxe4 Qh4 17. g3 Qxe4 18. Bg2 Qe5 19. Nac3 Kh8 20. Be4 Qe7 21.
Rhe1 Qd7 22. Nd5 Qh3 23. Kb1 Bg4 24. Rc1 Qh5 25. Nxb6 Ra6 26. Nd5 Qe5 27. Ndc3
Bf5 28. Qc2 Bxe4 29. Rxe4 Qc5 30. Re7 b6 31. Qe4 Qc8 32. Re1 Ra8 33. Na4 Nf6
34. Qe6 Qc6 35. Nxd6 Qg2 36. Nf7+ Kg8 37. Ng5+ Kh8 38. Qe2 Qxe2 39. R1xe2 Rfb8
40. Ne6 Bh6 41. Rf2 Ng4 42. Rff7 Kg8 43. h3 Ne3 44. Rxh7 Nf5 45. Rd7 Re8 46.
Nxb6 Rab8 47. g4 Rxe6 48. gxf5 gxf5 49. c5 Bf8 50. b4 Rbe8 51. Nd5 Rg6 52. Rhf7
Re1+ 53. Kc2 Re2+ 54. Kd1 Ree6 55. Rxf5 Rg1+ 56. Kc2 Bg7 57. Ne7+ Kh8 58. Rh5+
Rh6 59. Rxh6+ Bxh6 60. c6 Bf4 61. c7 Rc1+ 62. Kb2 Rxc7 63. Ng6+ Kg8 64. Rd8+
Kf7 65. Nxf4 Rc4 66. Nd5 Rh4 67. b5 Rxh3 68. b6 Rh2+ 69. Kc3 Rh3+ 70. Kc4 Rh4+
71. Kb5 Rh2 72. b7 Rxa2 73. b8=Q Rb2+ 74. Nb4 Rb1 75. Qf4+ Kg7 76. Rd7+ Kg6 77.
Rd6+ Kg7 78. Qf6+ Kg8 79. Rd8+ Kh7 80. Rd7+ Kg8 81. Qg7# 1-0

[Event "ICS rated blitz match"]
[Site "204.178.125.65"]
[Date "1999.12.12"]
[Round "?"]
[White "Hossa"]
[Black "viagra69"]
[Result "1-0"]
[WhiteElo "2495"]
[BlackElo "2355"]
[PlyCount "142"]

1. e4 c6 2. d4 d5 3. Nc3 dxe4 4. Nxe4 Bf5 5. Ng3 Bg6 6. h4 h6 7. Nf3 Nd7 8. h5
Bh7 9. Bd3 Bxd3 10. Qxd3 Qc7 11. Be3 e6 12. O-O-O Ngf6 13. Rde1 Bd6 14. Ne4
Nxe4 15. Qxe4 Nf6 16. Qh4 O-O-O 17. Kb1 Kb8 18. Bd2 Rc8 19. Re2 Rcd8 20. Rhe1
Ka8 21. Bc1 c5 22. Be3 c4 23. Bd2 Nd5 24. c3 Rc8 25. Qg4 Qe7 26. Be3 Qf6 27.
Qe4 Rhd8 28. Qh7 Bf4 29. Rh1 g6 30. hxg6 fxg6 31. Nh4 g5 32. Nf3 Rc7 33. Qe4
Nxe3 34. fxe3 Bd6 35. Nd2 Re8 36. Rf1 Qg7 37. Ref2 Qg8 38. Rf6 h5 39. Rg6 Rg7
40. Rh6 Rf7 41. Rxf7 Qxf7 42. Rh7 Qf5 43. Rxb7 Qxe4+ 44. Nxe4 Be7 45. Rc7 g4
46. Rxc4 Kb7 47. Nc5+ Bxc5 48. Rxc5 Rf8 49. Rxh5 Rf2 50. g3 Rf1+ 51. Kc2 Rg1
52. Rh6 Rxg3 53. Rxe6 Kc7 54. Rg6 Kd7 55. Kb3 Ke7 56. e4 Kf7 57. Ra6 Rg1 58.
Rxa7+ Kf6 59. e5+ Kf5 60. Rf7+ Kg5 61. e6 Kh4 62. d5 g3 63. e7 Re1 64. d6 g2
65. Rg7 Kh3 66. d7 Rxe7 67. Rxe7 g1=Q 68. Rh7+ Kg2 69. Rg7+ Kf1 70. Rxg1+ Kxg1
71. d8=Q Kf1 1-0

[Event "ICS rated blitz match"]
[Site "204.178.125.65"]
[Date "1999.12.12"]
[Round "?"]
[White "Hossa"]
[Black "Varguz"]
[Result "0-1"]
[WhiteElo "2514"]
[BlackElo "2865"]
[PlyCount "102"]

1. e4 e5 2. Nf3 Nc6 3. Nc3 Nf6 4. Nxe5 Nxe5 5. d4 Ng6 6. e5 Ng8 7. Bc4 Bb4 8.
Qf3 Bxc3+ 9. bxc3 f5 10. O-O N8e7 11. Rb1 d5 12. exd6 cxd6 13. Re1 Qc7 14. Qd5
Kd8 15. Bg5 h6 16. Bxe7+ Nxe7 17. Qf7 Nc6 18. Qg6 a6 19. Bd5 Rf8 20. Qh7 Ra7
21. f4 b5 22. a3 Bb7 23. Ba2 Nb8 24. Re3 Be4 25. Be6 d5 26. Bg8 Qxf4 27. Re2
Qd6 28. Rb3 Re7 29. Rb1 f4 30. Qh8 Ree8 31. Qxg7 Rxg8 32. Qa7 Re7 33. Qc5 Qe6
34. Rf1 Rxg2+ 35. Rxg2 Bxg2 36. Qxe7+ Kxe7 37. Kxg2 Qe2+ 38. Rf2 Qg4+ 39. Kf1
f3 40. h4 Qf4 41. Re2+ fxe2+ 42. Kxe2 Qxh4 43. Kd2 Qh3 44. a4 bxa4 45. Ke2 a3
46. c4 a2 47. cxd5 Qf5 48. c4 a1=Q 49. d6+ Kd8 50. c5 Qff1+ 51. Ke3 Qae1# 0-1